| 000 | 00407cam a22001217a 4500 | ||
|---|---|---|---|
| 008 | 180718b1989 xxu||||| |||| 00| 0 eng d | ||
| 082 | _aA81x54 In2/71/18/Pt6C | ||
| 100 | _aCensus of India 1971 | ||
| 245 | _aRajasthan: survey report on village Nangal Soosawatan | ||
| 260 |
_aDelhi _bThe Controller of Publications _c1989 |
||
| 300 | _a158+p. | ||
| 440 | _aCensus of India 1971. Series-18, Rajasthan. Part VI-C | ||
| 999 |
_c485404 _d485404 |
||